000 00944nam a2200265Ia 4500
003 OSt
005 20220923230942.0
006 a|||||r|||| 00| 0
007 ta
008 220922b |||||||| |||| 00| 0 hin d
024 _a323,184
037 _cTextual
040 _aARTS
_cARTS
_bhin
041 _2hin
_ahin
082 _aO15,2:g, 152L2
100 _aशर्मा, वीरबाला, ले.
245 0 _aसंस्कृत में एकांकी रूपक
246 _aSanskṛut mean ekāankī rūpaka
260 _aभोपाल
_b मध्यप्रदेश हिन्दी ग्रन्थ अकादमी
_c1972
300 _a383पृ.
_ccm.
650 _a संस्कृत नाटक
650 _aसंस्कृत साहित्य
942 _hO15,2:g, 152L2
_cTEXL
_2CC
999 _c388433
_d388433